| 000 | 00602 a2200169 4500 | ||
|---|---|---|---|
| 020 | _a0521827787 | ||
| 020 | _a9780521827782 | ||
| 082 | _a005.133 | ||
| 090 |
_c884 _d884 |
||
| 100 | 1 | _aYevick, David. | |
| 245 | 1 | 2 |
_aA first course in computational physics and object-oriented programming with C++ / _cDavid Yevick. |
| 260 |
_a[S.l.] : _bCambridge University Press, _c2005. |
||
| 300 |
_a418 p. ; _c25 cm. |
||
| 700 | _aYevick, David. | ||
| 942 |
_aSNS _cBK _k005.133 YEV |
||
| 999 |
_c29507 _d29507 |
||